14-18 a new vision for secondary education
Saved in:
| Main Author: | |
|---|---|
| Format: | Book |
| Language: | English |
| Published: |
Bloomsbury Academic
2013
|
| Tags: |
Add Tag
No Tags, Be the first to tag this record!
|
MARC
| LEADER | 00000nam a22000007a 4500 | ||
|---|---|---|---|
| 008 | 210909b ||||| |||| 00| 0 eng d | ||
| 020 | |a 9781780937397 | ||
| 100 | |a BAKER, Kenneth | ||
| 245 | |a 14-18 |b a new vision for secondary education |c Kenneth Baker |g xvi, 168p;ill | ||
| 260 | |b Bloomsbury Academic |c 2013 |h London |i 696877 |i 696878 |l LA635.B17 |m Edaucation, Secondary- Great Britain | ||
| 500 | |a it includes references and index | ||
| 942 | |a lcc |c BK |e Johnson |f 09/09/21 | ||
| 952 | |0 0 |1 0 |2 lcc |4 0 |6 LA0635 B17 |7 0 |9 3524 |a ED |b HOL |c LP |d 2021-09-09 |l 0 |o LA635.B17 |p 2021-67253 |r 2021-09-09 00:00:00 |w 2021-09-09 |y BK | ||
| 952 | |0 0 |1 0 |2 lcc |4 0 |6 LA0635 B17 |7 0 |9 3525 |a HOL |b HOL |c LP |d 2021-09-09 |l 0 |o LA635.B17 |p 2021-67254 |r 2021-09-09 00:00:00 |w 2021-09-09 |y BK | ||
| 999 | |c 1747 |d 1747 | ||